Triumphing: (Record no. 799293)

MARC details
000 -LEADER
fixed length control field 00473nam a22001817a 4500
003 - CONTROL NUMBER IDENTIFIER
control field 330010
005 - DATE AND TIME OF LATEST TRANSACTION
control field 20260601153246.0
008 - FIXED-LENGTH DATA ELEMENTS--GENERAL INFORMATION
fixed length control field 260601b sa ||||| |||| 00| 0 eng d
020 ## - INTERNATIONAL STANDARD BOOK NUMBER
International Standard Book Number 9781920666118
040 ## - CATALOGING SOURCE
Transcribing agency 3228
082 #0 - DEWEY DECIMAL CLASSIFICATION NUMBER
Classification number 920 MASH
100 ## - MAIN ENTRY--PERSONAL NAME
9 (RLIN) 4681
Personal name MASHELE JULIA MASEFAKO
245 ## - TITLE STATEMENT
Title Triumphing:
Remainder of title Over Circumstances Of Life
250 ## - EDITION STATEMENT
Edition statement 1st Ed.
260 ## - PUBLICATION, DISTRIBUTION, ETC.
Place of publication, distribution, etc. Pretoria
Name of publisher, distributor, etc. Julia Mashele Trust
Date of publication, distribution, etc. 2013
300 ## - PHYSICAL DESCRIPTION
Extent vi, 96 pages
Dimensions 20 cm
942 ## - ADDED ENTRY ELEMENTS
Source of classification or shelving scheme Dewey Decimal Classification
item type Book
-- 190
-- Dudu Mondlane
-- 190
-- Dudu Mondlane
Holdings
Withdrawn status Lost status Source of classification or shelving scheme Damaged status Not for loan Collection code Home library Current library Shelving location Date acquired Total Checkouts Full call number Barcode Date last seen Price effective from item type
    Dewey Decimal Classification     900: History & Geography Kanyamazane Kanyamazane Non Fiction 01.06.2026   920 MASH 3322830034252 01.06.2026 01.06.2026 Book
    Dewey Decimal Classification     900: History & Geography Kanyamazane Kanyamazane Non Fiction 01.06.2026   920 MASH 330012025380 01.06.2026 01.06.2026 Book